Erhöhung des Leistungsvermögens und EDV-Einsatz in der konstruktiven Produktionsvorbereitung

Na minha lista:
Detalhes bibliográficos
Autor principal: Stanke, Klaus
Formato: Livro
Idioma:alemão
Publicado em: Berlin Veb Verlag Technik 1971
Colecção:Schriftenreihe Maschinenbauökonomik Heft 11
Tags: Adicionar Tag
Sem tags, seja o primeiro a adicionar uma tag!

MARC

LEADER 00000nam a2200000 4500
001 c121449
005 20041019155222.5
041 0 |a ger 
044 |a DE 
245 1 0 |a Erhöhung des Leistungsvermögens und EDV-Einsatz in der konstruktiven Produktionsvorbereitung  |c Klaus Stanke 
264 1 |a Berlin  |b Veb Verlag Technik  |c 1971 
490 1 |a Schriftenreihe Maschinenbauökonomik  |v Heft 11 
830 0 |a Schriftenreihe Maschinenbauökonomik  |v Heft 11 
100 1 |a Stanke, Klaus